Escudos 3RFEF G9 y G10 - Estadísticas

Estadísticas generales
  • Esta prueba ha sido intentada 12 veces
  • La puntuación promedio es 25 de 36
Estadísticas de respuestas
Imagen Respuesta % Correcto
Sevilla C
100%
Atletico Onubense
91%
Cartaya
91%
Conil
91%
Cordoba B
91%
Coria
91%
El Palo
91%
La Palma
91%
Malaga City
91%
Motril
91%
Pozoblanco
91%
Torre del Mar
91%
Bollullos
82%
Ciudad de Lucena
82%
Huetor Vega
82%
Marbelli
82%
Real Jaen
82%
Torreperogil
82%
Atletico Malagueño
73%
Atletico Porcuna
73%
Huetor Tajar
73%
Poli Ejido
64%
Arenas de Armilla
55%
Ceuta B
55%
Mancha Real
55%
Mijas Las Lagunas
55%
Poli Almeria
55%
Club Atletico Central
45%
Inter Sevilla
45%
San Roque de Lepe
45%
Tomares
45%
Utrera
45%
Salerm Puente Genil
36%
Martos
27%
UDC Torredonjimeno
27%
Atletico Espeleño
18%
No se encontraron pruebas coincidentes
Distribución de puntuación
Porcentaje de gente con cada puntuación
Porcentaje por número respondido
Historial de tus puntuaciones
No has intentado esta prueba.